000 00725nam a2200241 a 4500
008
020 _a0333385047(pbk.)
049 _aMAIN
090 _aHB172.5
100 1 _aRowan, D. C.
245 1 0 _aOutput, inflation and growth:
_ban introduction to macroeconomics/
_cD. C. Rowan.
260 _aLondon :
_bMacmillan ,
_c1983.
300 _axvi, 517 p. ;
_c25 cm.
504 _aIncludes bibliographical references.
500 _aIncludes index
650 0 _aMacroeconomics.
651 0 _aGreat Britain
_xEconomic conditions
_y1945-1964.
907 _a.b10079865
_b19-02-07
_c02-07-03
003
005 20230123133315.0
040 _cNUST
942 _cBOOKS
_kHB172.5
999 _c146335
_d146335